Free Credit Report.Com Lyrics Quiz Stats

 Plays Quiz not verified by Sporcle

Score 0/78 Timer 10:00
0 Plays Today
Lyrics % Correct
a
82.8%
the
82.8%
a
82.8%
and
82.8%
and
82.8%
I
79.3%
I
79.3%
credit
75.9%
to
69%
to
69%
in
65.5%
in
65.5%
FreeCreditReport.Com
65.5%
you
65.5%
you
65.5%
in
65.5%
I'm
62.1%
should
58.6%
an
58.6%
your
58.6%
They
55.2%
for
55.2%
he
55.2%
like
55.2%
It's
55.2%
me
55.2%
like
55.2%
They
55.2%
so
51.7%
why
51.7%
am
51.7%
up
51.7%
this
51.7%
all
51.7%
Now
51.7%
gone
51.7%
this
51.7%
at
51.7%
so
51.7%
Lyrics % Correct
up
51.7%
say
48.3%
man
48.3%
pirate
48.3%
my
48.3%
serving
48.3%
ice
48.3%
tea.
48.3%
Should've
48.3%
coming
48.3%
bomb.
48.3%
send
48.3%
E-Mail
48.3%
alerts,
48.3%
tourists
48.3%
T-shirts.
48.3%
always
44.8%
dress
44.8%
job
44.8%
wants,
44.8%
dressed
44.8%
because
44.8%
some
44.8%
hacker
44.8%
stole
44.8%
identity.
44.8%
here
44.8%
seen
44.8%
monitor
44.8%
dont
44.8%
end
44.8%
chowder
41.4%
fish
41.4%
every
37.9%
evening
37.9%
selling
37.9%
restaurant?
34.5%
could've
27.6%
Adam
27.6%

You're not logged in!

Compare scores with friends on all Sporcle quizzes.
OR
Log In

Show Comments

Extras

Created Apr 20, 2012ReportNominate
Tags:credit, free

Top Quizzes Today


Score Distribution

Your Account Isn't Verified!

In order to create a playlist on Sporcle, you need to verify the email address you used during registration. Go to your Sporcle Settings to finish the process.

Report this User

Report this user for behavior that violates our Community Guidelines.

Details: